[Event "Ogolnopolska Olimpiada Mlodziezy D-14"]
[Site "Spala"]
[Date "1899-12-30"]
[Round "5.20"]
[White "Surpeta, Julia"]
[Black "Spadlo, Katarzyna"]
[Result "0-1"]
[WhiteTitle "II"]
[BlackTitle "II"]
[WhiteElo "1130"]
[BlackElo "1318"]

1. e4 e5 2. d4 exd4 3. c3 Nf6 4. Bc4 dxc3 5. Nf3 Bb4 6. O-O O-O 7. Qc2 d5 8. exd5
c6 9. Qb3 cxd5 10. Bd3 Nc6 11. bxc3 Be7 12. c4 Na5 13. Qc2 dxc4 14. Be2 Be6 15.
Bb2 b5 16. Ng5 h6 17. Bxf6 hxg5 18. Bxe7 Qxe7 19. Qc3 Nb7 20. Bf3 g4 21. Be2 Qf6
22. Qb4 a6 23. f3 Qg6 24. Nd2 Bf5 25. Rad1 Rad8 26. Rf2 g3 27. hxg3 Qxg3 28. Rdf1
Rd6 29. Nxc4 Rh6 0-1

[Event "Ogolnopolska Olimpiada Mlodziezy D-14"]
[Site "Spala"]
[Date "1899-12-30"]
[Round "5.21"]
[White "Gil, Oliwia"]
[Black "Szelag, Zuzanna"]
[Result "0-1"]
[WhiteTitle "II"]
[BlackTitle "I"]
[WhiteElo "1316"]
[BlackElo "1534"]

1. e4 c5 2. Nf3 Nc6 3. d4 cxd4 4. Nxd4 g6 5. Nc3 Bg7 6. Be3 Nf6 7. Bc4 O-O 8. Bb3
d6 9. h3 Bd7 10. O-O a6 11. a3 Rc8 12. Re1 b5 13. Nf3 Na5 14. Ba2 Nc4 15. Bxc4
Rxc4 16. Nd2 Rc8 17. Qe2 Bc6 18. Rad1 Qc7 19. Bf4 Rfd8 20. Nf3 Nd7 21. Bg5 Nb6
22. Nd4 Bb7 23. Qf3 Nc4 24. b3 Ne5 25. Qg3 Qxc3 26. Re3 Qc7 27. f4 Nc6 28. Ne2
Qd7 29. f5 Ne5 30. fxg6 fxg6 31. c3 Rf8 32. Qh4 Rce8 33. Bf4 Qc7 34. Rg3 Bxe4
35. Bxe5 Bxe5 0-1

[Event "Ogolnopolska Olimpiada Mlodziezy D-14"]
[Site "Spala"]
[Date "1899-12-30"]
[Round "5.22"]
[White "Tkaczyk, Weronika"]
[Black "Bochniarz, Katarzyna"]
[Result "1/2-1/2"]
[WhiteTitle "II"]
[BlackTitle "II"]
[WhiteElo "1372"]
[BlackElo "1192"]

1. e4 e5 2. f4 d6 3. Nf3 exf4 4. d4 Nf6 5. Nc3 Nc6 6. Bxf4 Bg4 7. Bb5 a6 8. Bxc6+
bxc6 9. h3 Be6 10. e5 dxe5 11. Nxe5 c5 12. dxc5 Bxc5 13. Qxd8+ Rxd8 14. Nd3 Bd6
15. Bg5 Be7 16. O-O O-O 17. Ne5 h5 18. Be3 Bd6 19. Nc6 Rd7 20. Bh6 gxh6 21. Rxf6
Kg7 22. Raf1 Bc5+ 23. Kh1 Rd6 24. Ne5 Bd4 25. Re1 Bxc3 26. bxc3 Rb8 27. Nf3 Rb2
28. Nd2 c5 29. Nb3 Rxc2 30. Nxc5 Rc6 31. Nxe6+ 1/2-1/2

[Event "Ogolnopolska Olimpiada Mlodziezy D-14"]
[Site "Spala"]
[Date "1899-12-30"]
[Round "6.1"]
[White "Pedrak, Paulina"]
[Black "Antolak, Julia"]
[Result "0-1"]
[WhiteTitle "I"]
[BlackTitle "I++"]
[WhiteElo "1367"]
[BlackElo "1809"]

1. e4 c5 2. Nf3 d6 3. d4 cxd4 4. Nxd4 Nf6 5. Nc3 e6 6. Bg5 Be7 7. Qd2 a6 8. Be2
Nbd7 9. Nb3 Qc7 10. O-O O-O 11. f4 b5 12. a3 Bb7 13. Bf3 h6 14. Bxf6 Nxf6 15.
Rad1 Rfd8 16. g4 d5 17. exd5 Nxd5 18. Nxd5 Bxd5 19. Bxd5 Rxd5 20. Qg2 Rad8 21.
Rxd5 Rxd5 22. c3 Qc4 23. Nd2 Bc5+ 24. Kh1 Rxd2 25. Qxd2 Qxf1# 0-1

[Event "Ogolnopolska Olimpiada Mlodziezy D-14"]
[Site "Spala"]
[Date "1899-12-30"]
[Round "6.2"]
[White "Parol, Pola"]
[Black "Socko, Weronika"]
[Result "1-0"]
[WhiteTitle "I"]
[BlackTitle "II+"]
[WhiteElo "1734"]
[BlackElo "1518"]

1. d4 e6 2. c4 d5 3. Nc3 Bb4 4. Nf3 Nd7 5. cxd5 exd5 6. Bg5 Ngf6 7. e3 h6 8. Bh4
Nb6 9. Bd3 Bg4 10. h3 Bh5 11. g4 Bg6 12. Bxg6 fxg6 13. Qd3 Bxc3+ 14. bxc3 O-O
15. Qxg6 Qe8 16. Qxe8 Raxe8 17. Bxf6 Rxf6 18. Ne5 c5 19. O-O cxd4 20. cxd4 Nc4
21. Nxc4 dxc4 22. Rab1 Re7 23. Rfc1 Rc7 24. Rc3 a6 25. a4 Rg6 26. f4 h5 27. g5
Re6 28. Kf2 Re8 29. Rb6 Rf8 30. Rb4 Rfc8 31. a5 Kf7 32. Kf3 Ke6 33. e4 Kd6 34.
Rb6+ Ke7 35. d5 Rd8 36. f5 Kf7 37. d6 Rc5 38. Rxb7+ Kf8 39. Rb6 Rxa5 40. Rxc4
Ra3+ 41. Kg2 Ra2+ 42. Kg3 Rd2 43. e5 Rd5 44. Re4 a5 45. e6 Kg8 46. d7 R5xd7 47.
exd7 Rxd7 48. Rb8+ Kf7 49. g6+ Kf6 50. Rf8+ Kg5 51. h4+ 1-0

[Event "Ogolnopolska Olimpiada Mlodziezy D-14"]
[Site "Spala"]
[Date "1899-12-30"]
[Round "6.3"]
[White "Kaczmarska, Joanna"]
[Black "Sliwicka, Alicja"]
[Result "1-0"]
[WhiteTitle "I++"]
[BlackTitle "WFM"]
[WhiteElo "1724"]
[BlackElo "1841"]

1. d4 Nf6 2. c4 g6 3. Nc3 d5 4. cxd5 Nxd5 5. e4 Nxc3 6. bxc3 Bg7 7. Bb5+ Bd7 8.
Bxd7+ Nxd7 9. Ne2 c5 10. O-O O-O 11. Rb1 Qc7 12. Bg5 e5 13. d5 Nb6 14. Qb3 Qd6
15. a4 Rab8 16. c4 Nd7 17. Nc3 a6 18. a5 b6 19. Qa4 bxa5 20. Qc6 Qxc6 21. dxc6
Nf6 22. Bxf6 Bxf6 23. Nd5 Kg7 24. Rxb8 Rxb8 25. c7 Rc8 26. Rb1 a4 27. Ra1 Bg5
28. Rxa4 Kf8 29. Rxa6 Be7 30. Rb6 Ke8 31. Rb8 Kd7 32. Rxc8 Kxc8 33. Nxe7+ Kxc7
34. Nd5+ Kd6 35. Kf1 f5 36. Ke2 Ke6 37. Kf3 h5 38. h4 Kd6 39. Ne3 Ke6 40. g3 Kf6
41. Nd5+ Ke6 42. exf5+ gxf5 43. Ke3 Kd6 44. f4 e4 45. Nf6 Ke6 46. Nxe4 fxe4 47.
Kxe4 Kd5+ 1-0

[Event "Ogolnopolska Olimpiada Mlodziezy D-14"]
[Site "Spala"]
[Date "1899-12-30"]
[Round "6.4"]
[White "Humin, Julia"]
[Black "Cieslak, Wiktoria"]
[Result "0-1"]
[WhiteTitle "II+"]
[BlackTitle "I"]
[WhiteElo "1418"]
[BlackElo "1615"]

1. e4 c5 2. Nf3 d6 3. d4 cxd4 4. Nxd4 Nf6 5. Nc3 a6 6. Bg5 e6 7. f4 h6 8. Bh4 Qb6
9. Rb1 Be7 10. Bf2 Qc7 11. Bd3 Nbd7 12. O-O O-O 13. Nb3 b5 14. Qd2 Bb7 15. a3
e5 16. f5 Nc5 17. Nxc5 dxc5 18. Qe3 Ng4 19. Qg3 Nxf2 20. Rxf2 Qd8 21. Rf3 c4 22.
Be2 Qd4+ 23. Kh1 Bxe4 24. Rd1 Bxf3 25. Rxd4 exd4 26. Bxf3 dxc3 27. bxc3 Rad8 28.
h4 Rfe8 29. Qg4 Bf6 30. Kh2 Be5+ 31. Kh3 Bxc3 32. Qg3 Re1 33. Kg4 Rd4+ 34. Kh5
Re8 35. Bc6 Be1 36. Qh3 Re3 37. g3 Bxg3 38. Bb7 Rf4 39. f6 Re5+ 40. Qf5 Rexf5#
0-1

[Event "Ogolnopolska Olimpiada Mlodziezy D-14"]
[Site "Spala"]
[Date "1899-12-30"]
[Round "6.5"]
[White "Stebel, Agata"]
[Black "Krzywnicka, Maria"]
[Result "1-0"]
[WhiteTitle "I"]
[BlackTitle "II"]
[WhiteElo "1673"]
[BlackElo "1360"]

1. e4 c5 2. c3 d5 3. exd5 Qxd5 4. d4 Nf6 5. Nf3 e6 6. Be2 Be7 7. O-O O-O 8. c4
Qd6 9. dxc5 Qxc5 10. Nc3 Rd8 11. Qc2 Nc6 12. Be3 Qa5 13. a3 Qc7 14. Nb5 Qb8 15.
Rfd1 Rxd1+ 16. Rxd1 a6 17. Nbd4 Bd7 18. b4 Qc7 19. g3 Nxd4 20. Bxd4 Rd8 21. Be5
Qc8 22. Nd4 Ne8 23. Bf4 f6 24. Be3 e5 25. Nb3 Nd6 26. Nc5 Bf5 27. Qb3 Ne4 28.
Rxd8+ Bxd8 29. Bf3 Nxc5 30. Bxc5 Qd7 31. Bd5+ Be6 32. a4 Be7 33. Bxe7 Qxe7 34.
c5 Kf7 35. b5 axb5 36. axb5 Qd7 37. Bxe6+ Qxe6 38. Qc3 Qa2 39. c6 Qb1+ 40. Kg2
Qe4+ 41. Qf3 Qxf3+ 42. Kxf3 bxc6 43. b6 1-0

[Event "Ogolnopolska Olimpiada Mlodziezy D-14"]
[Site "Spala"]
[Date "1899-12-30"]
[Round "6.6"]
[White "Leczek, Weronika"]
[Black "Trembowiecka-wysota, Aleksandra"]
[Result "1/2-1/2"]
[WhiteTitle "I"]
[BlackTitle "I"]
[WhiteElo "1632"]
[BlackElo "1451"]

1. e4 c5 2. Nf3 d6 3. d4 cxd4 4. Nxd4 Nf6 5. Nc3 a6 6. f3 e5 7. Nb3 Be6 8. Be3
Be7 9. Qd2 O-O 10. O-O-O Nbd7 11. Kb1 b5 12. g4 Nb6 13. Qf2 Nc4 14. Bxc4 bxc4
15. Nc5 Qc8 16. Nxe6 fxe6 17. Qg3 Rb8 18. Ka1 Qb7 19. Rb1 Qc7 20. g5 Ne8 21. Qh3
Qc8 22. g6 h6 23. Rhg1 Nf6 24. Na4 Bd8 25. Rgd1 d5 26. Bc5 Re8 27. Bd6 Bc7 28.
Bxc7 Qxc7 29. Re1 d4 30. Rbd1 Rb4 31. b3 cxb3 32. cxb3 Qa5 33. Rc1 d3 34. Rc8
Rb6 35. Rxe8+ Nxe8 36. Rd1 Rd6 37. Kb2 Nc7 38. f4 exf4 39. Rxd3 Qe5+ 40. Nc3 Kf8
41. Rxd6 Qxd6 42. Kc2 Qc5 43. Qh4 1/2-1/2

[Event "Ogolnopolska Olimpiada Mlodziezy D-14"]
[Site "Spala"]
[Date "1899-12-30"]
[Round "6.7"]
[White "Karykowska, Anna"]
[Black "Kostecka, Marika"]
[Result "0-1"]
[WhiteTitle "I+"]
[BlackTitle "II"]
[WhiteElo "1525"]
[BlackElo "1392"]

1. e4 e5 2. Nf3 Nf6 3. Nc3 Nc6 4. d4 exd4 5. Nxd4 Bb4 6. Nxc6 bxc6 7. Bd3 O-O 8.
O-O d5 9. e5 Ng4 10. Bf4 f6 11. exf6 Qxf6 12. Bg3 Bc5 13. Qd2 h5 14. Nd1 Rf7 15.
h3 h4 16. hxg4 hxg3 17. g5 Qd4 18. Bh7+ Kxh7 19. Qxd4 Bxd4 20. c3 Bxf2+ 21. Nxf2
gxf2+ 22. Rxf2 Rxf2 23. Kxf2 Bf5 24. Re1 Be4 25. Kg3 Kg6 26. Kg4 Rf8 27. Re2 Rf1
28. a3 Rg1 29. g3 Bf5+ 30. Kf3 Be4+ 31. Kg4 Rg2 32. Rxg2 Bxg2 33. b4 a6 34. Kf4
Be4 35. Kg4 Bc2 36. Kf4 Kh5 37. Ke5 Kxg5 38. Ke6 Ba4 0-1

[Event "Ogolnopolska Olimpiada Mlodziezy D-14"]
[Site "Spala"]
[Date "1899-12-30"]
[Round "6.8"]
[White "Kwiatkowska, Agnieszka"]
[Black "Daliga, Anita"]
[Result "1/2-1/2"]
[WhiteTitle "II+"]
[BlackTitle "II+"]
[WhiteElo "1518"]
[BlackElo "1390"]

1. e4 e5 2. Nf3 Nc6 3. Bb5 a6 4. Ba4 Bc5 5. c3 Nge7 6. d3 h6 7. Nbd2 O-O 8. Nf1
d6 9. h3 f5 10. exf5 Nxf5 11. N1h2 Nh4 12. O-O Nxf3+ 13. Nxf3 Ne7 14. Bb3+ Kh8
15. Nh4 Qe8 16. Be3 Bb6 17. Bxb6 cxb6 18. d4 Ng6 19. Nxg6+ Qxg6 20. Bc2 Qg5 21.
Qd3 Bf5 22. Qe2 Bxh3 23. Be4 Rab8 24. dxe5 dxe5 25. Kh1 Be6 26. Bf3 b5 27. Rfe1
Qh4+ 28. Kg1 Bd7 29. Qxe5 Bc6 30. g3 Qf6 31. Qxf6 Rxf6 32. Bxc6 bxc6 33. Rad1
Kg8 34. Rd7 Rf7 35. Red1 Re8 36. Rxf7 Kxf7 37. Kf1 Re6 38. Rd8 c5 39. Rd5 c4 40.
f4 g6 41. Kf2 h5 42. Rd4 Kf6 1/2-1/2

[Event "Ogolnopolska Olimpiada Mlodziezy D-14"]
[Site "Spala"]
[Date "1899-12-30"]
[Round "6.9"]
[White "Gredka, Dominika"]
[Black "Guzik, Natalia"]
[Result "0-1"]
[WhiteTitle "I"]
[BlackTitle "I"]
[WhiteElo "1470"]
[BlackElo "1498"]

1. e4 c5 2. Nf3 Nc6 3. d4 cxd4 4. Nxd4 g6 5. Nc3 Bg7 6. Be3 Nf6 7. Be2 O-O 8. Qd2
d5 9. exd5 Nxd5 10. Nxd5 Qxd5 11. Bf3 Qe5 12. Nxc6 bxc6 13. Bxc6 Ba6 14. Rb1 Rac8
15. Bf3 Rfd8 16. Qc1 f5 17. g3 g5 18. Be2 Bxe2 19. f4 Qe4 0-1

[Event "Ogolnopolska Olimpiada Mlodziezy D-14"]
[Site "Spala"]
[Date "1899-12-30"]
[Round "6.10"]
[White "Frej, Zofia"]
[Black "Buchta, Agnieszka"]
[Result "1-0"]
[WhiteTitle "I+"]
[BlackTitle "II"]
[WhiteElo "1747"]
[BlackElo "1352"]

1. d4 Nf6 2. Nf3 e6 3. e3 b6 4. Bd3 Bb7 5. b3 d5 6. Bb2 Bd6 7. O-O O-O 8. Nbd2
Nbd7 9. Ne5 Ne4 10. f3 Nxd2 11. Qxd2 f6 12. Nxd7 Qxd7 13. e4 c5 14. c3 Qc7 15.
h3 Bf4 16. Qe2 Rac8 17. Kh1 cxd4 18. cxd4 e5 19. exd5 Bxd5 20. Ba6 Bb7 21. Bc4+
Kh8 22. dxe5 Bxe5 23. Bxe5 Qxe5 24. Qxe5 fxe5 25. Rfe1 Rfe8 26. Re3 h6 27. Rae1
Rc5 28. Bf7 Re7 29. Bg6 Re6 30. Bf5 Re7 31. f4 Ra5 32. a4 Rf7 33. Rxe5 Rxe5 34.
Rxe5 Rf8 35. Kg1 Bc8 36. Bxc8 Rxc8 37. Re3 Rc7 38. Kf2 Kh7 39. g4 Kg6 40. Kf3
Kf6 41. h4 g6 42. g5+ hxg5 43. hxg5+ Kf7 44. Kg4 Rd7 45. Rc3 Kg7 46. Rc4 Kf7 47.
b4 Ke6 48. Rc6+ Kf7 49. a5 b5 50. a6 Ke7 51. Rxg6 Kf7 52. Rf6+ Ke7 53. Rf5 Rd6
54. Rxb5 Rxa6 55. Ra5 Rb6 56. Rxa7+ Kd6 57. Ra4 Rc6 58. b5 Rc1 59. Rb4 Rg1+ 60.
Kf5 Rc1 61. b6 Rc6 62. b7 Rc5+ 63. Kg4 Kc7 64. b8=Q+ Kc6 65. Qb7+ Kd6 66. Rd4+
Kd5 1-0

[Event "Ogolnopolska Olimpiada Mlodziezy D-14"]
[Site "Spala"]
[Date "1899-12-30"]
[Round "6.11"]
[White "Ossolinska, Matylda"]
[Black "Kalinowska, Karolina"]
[Result "0-1"]
[WhiteTitle "II"]
[BlackTitle "I"]
[WhiteElo "1426"]
[BlackElo "1537"]

1. e4 e6 2. d4 d5 3. exd5 exd5 4. Bd3 Nc6 5. c3 Bd6 6. Qf3 Nf6 7. h3 h6 8. Ne2
Be6 9. Bf4 O-O 10. O-O Re8 11. Nd2 Bxf4 12. Qxf4 Qd7 13. Ng3 Rad8 14. Rfe1 Qd6
15. Qxd6 Rxd6 16. Re3 Rd7 17. Rae1 a6 18. Nf3 Rde7 19. Ne5 Nxe5 20. Rxe5 Nd7 21.
R5e3 Kf8 22. Nh5 Nb6 23. b3 c6 24. g4 Nc8 25. f4 Bd7 26. Kf2 Rxe3 27. Rxe3 Rxe3
28. Kxe3 Nd6 29. a4 a5 30. Ng3 b6 31. f5 Bc8 32. Ne2 Ke7 33. Nf4 Bb7 34. Nh5 Ne8
35. b4 Bc8 36. Kd2 Kf8 37. Kc2 Nd6 38. bxa5 bxa5 39. Kb3 Bb7 40. Ng3 Ke7 41. c4
Ba6 42. c5 Bxd3 43. cxd6+ Kxd6 44. Kc3 Bc4 45. Nh5 g6 46. fxg6 fxg6 47. Nf4 g5
48. Nd3 Bxd3 49. Kxd3 c5 50. dxc5+ Kxc5 51. Kc3 d4+ 52. Kd3 Kd5 53. Kd2 Ke4 54.
Ke2 d3+ 55. Kd2 Kd4 56. Kd1 Ke3 57. Ke1 d2+ 58. Kd1 Kd3 59. h4 gxh4 60. g5 h3
0-1

[Event "Ogolnopolska Olimpiada Mlodziezy D-14"]
[Site "Spala"]
[Date "1899-12-30"]
[Round "6.12"]
[White "Trybowska, Barbara"]
[Black "Trusz, Julia"]
[Result "1-0"]
[WhiteTitle "I"]
[BlackTitle "I"]
[WhiteElo "1457"]
[BlackElo "1533"]

1. e4 c5 2. Nf3 Nc6 3. d4 cxd4 4. Nxd4 Nf6 5. Nc3 d6 6. Be3 e5 7. Nf3 h6 8. h3
Be7 9. Bd3 O-O 10. O-O Be6 11. Nh2 d5 12. exd5 Nxd5 13. Nxd5 Bxd5 14. Qg4 Qd6
15. Qf5 g6 16. Qg4 h5 17. Qd1 Rfd8 18. f4 exf4 19. Bxf4 Qc5+ 20. Kh1 Nb4 21. Qe2
Nxd3 22. cxd3 Bd6 23. Bg5 Re8 24. Qd2 Bf8 25. Nf3 Bg7 26. d4 Qb6 27. Ne5 Bxe5
28. dxe5 Qe6 29. Bf6 Kh7 30. Rf4 Qxh3+ 31. Kg1 Qe6 32. Rh4 Bc6 33. Qg5 1-0

[Event "Ogolnopolska Olimpiada Mlodziezy D-14"]
[Site "Spala"]
[Date "1899-12-30"]
[Round "6.14"]
[White "Ciesinska, Weronika"]
[Black "Zalewska, Katarzyna"]
[Result "0-1"]
[WhiteTitle "II"]
[BlackTitle "II+"]
[WhiteElo "1335"]
[BlackElo "1331"]

1. e4 e5 2. Nf3 Nc6 3. Bc4 Bc5 4. c3 Nf6 5. d3 d6 6. O-O O-O 7. Bb3 Be6 8. Re1
Qd7 9. h3 h6 10. Nbd2 Rfe8 11. Nf1 Bb6 12. N3h2 Na5 13. Bc2 Nc6 14. Ng3 Ne7 15.
Qf3 Ng6 16. Bxh6 Nh4 17. Qe2 gxh6 18. Nh5 Qe7 19. g3 Ng6 20. Kg2 Nxh5 21. Qxh5
Qg5 22. Qxg5 hxg5 23. Nf3 f6 24. Rh1 Kf7 25. h4 gxh4 26. Nxh4 Nxh4+ 27. Rxh4 Rh8
28. a4 a5 29. Rah1 Rxh4 30. Rxh4 Kg7 31. f4 Rh8 32. Rxh8 Kxh8 33. f5 Bf7 34. Kh3
c6 35. c4 d5 36. cxd5 cxd5 37. Bb3 Kg7 38. exd5 Kf8 39. Bc4 Ke7 40. d6+ Kf8 41.
Be6 Bxe6 42. fxe6 Bc5 43. d7 Bb6 44. Kg4 Ke7 45. Kf5 Bd8 46. g4 Bc7 47. b3 b6
48. g5 fxg5 49. Kxg5 Kxe6 50. Kg4 Kxd7 51. Kf5 Kd6 52. Ke4 Kc5 0-1

[Event "Ogolnopolska Olimpiada Mlodziezy D-14"]
[Site "Spala"]
[Date "1899-12-30"]
[Round "6.15"]
[White "Dwilewicz, Agata"]
[Black "Borkowska, Zuzanna"]
[Result "1-0"]
[WhiteTitle "I"]
[BlackTitle "II+"]
[WhiteElo "1585"]
[BlackElo "1342"]

1. e4 e5 2. Nf3 Nc6 3. Bb5 Bc5 4. O-O Nf6 5. Nc3 d6 6. d3 Bd7 7. Bg5 a6 8. Ba4
b5 9. Bb3 Bg4 10. h3 Bxf3 11. Qxf3 Nd4 12. Qd1 c6 13. Ne2 h6 14. Bh4 Qe7 15. Nxd4
Bxd4 16. c3 Bb6 17. Qe2 O-O 18. Rad1 a5 19. Rfe1 a4 20. Bc2 Rfe8 21. Qf3 Bd8 22.
d4 exd4 23. cxd4 Qc7 24. Bg3 Nd7 25. Qf5 Bf6 26. Qf4 Re6 27. b3 Bg5 28. Qf3 Rf6
29. Qd3 Bf4 30. Bxf4 Rxf4 31. e5 g6 32. e6 Nf8 33. exf7+ Qxf7 34. Qe3 Kg7 35.
Re2 Rf6 36. Qc3 axb3 37. Bxb3 d5 38. Rde1 Ra7 39. Qb4 Re6 40. a4 bxa4 41. Bxa4
Rb7 42. Qd2 Rc7 43. Re5 Rxe5 44. Rxe5 Ne6 45. Qe3 Nd8 46. h4 Ra7 47. Bd1 h5 48.
Bc2 Rd7 49. Rg5 Rd6 50. Qe5+ Rf6 51. Rxg6+ Qxg6 52. Bxg6 Kxg6 53. Qg5+ Kf7 54.
Qxh5+ Ke7 55. Qe5+ Re6 56. Qg5+ Kd7 57. Qf5 Ke7 58. f3 Rf6 59. Qh5 Nf7 60. Qg4
Nh6 61. Qg7+ Nf7 62. h5 Ke6 63. Kf2 Nd6 64. h6 Nf5 65. Qg8+ Ke7 66. h7 Rf8 67.
Qxf8+ Kxf8 1-0

[Event "Ogolnopolska Olimpiada Mlodziezy D-14"]
[Site "Spala"]
[Date "1899-12-30"]
[Round "6.16"]
[White "Gowin, Malgorzata"]
[Black "Popiel, Natalia"]
[Result "0-1"]
[WhiteTitle "II+"]
[BlackTitle "II"]
[WhiteElo "1458"]
[BlackElo "1319"]

1. e4 e5 2. Nf3 Nc6 3. Bb5 a6 4. Ba4 Bc5 5. d3 d6 6. h3 Nf6 7. Bg5 b5 8. Bb3 Be6
9. O-O O-O 10. c3 h6 11. Bh4 Bxb3 12. axb3 Qe7 13. Re1 Bb6 14. d4 g5 15. dxe5
gxh4 16. exf6 Qxf6 17. Qe2 Rfe8 18. Nbd2 Kh7 19. Qd3 Ne5 20. Qe2 Rg8 21. Nxe5
Qxe5 22. Qf3 Qg7 23. Kh1 f6 24. Rg1 Qg5 25. Rad1 Raf8 26. Qe2 f5 27. Nf3 Qf6 28.
Nd4 fxe4 29. Qxe4+ Rg6 30. Rd2 Bxd4 31. Qxd4 Qxd4 32. cxd4 Re8 33. Rc1 Re7 34.
Rc6 a5 35. Ra6 d5 36. Rxa5 c6 37. Ra6 Re4 38. Ra1 Rge6 39. Rad1 Re2 40. f3 Kg6
41. Kg1 Kg5 42. Kf1 Rxd2 43. Rxd2 Re3 44. Kf2 Kf4 45. Rc2 Rxb3 46. Rxc6 Rxb2+
47. Kf1 Rd2 48. Rxh6 Ke3 49. Ke1 Rxg2 50. Re6+ Kxd4 51. Re2 Rxe2+ 52. Kxe2 b4
53. Kd2 b3 54. Kc1 Ke3 55. f4 Kxf4 0-1

[Event "Ogolnopolska Olimpiada Mlodziezy D-14"]
[Site "Spala"]
[Date "1899-12-30"]
[Round "6.17"]
[White "Wojcik, Jagoda"]
[Black "Ziziuk, Martyna"]
[Result "1/2-1/2"]
[WhiteTitle "I"]
[BlackTitle "II+"]
[WhiteElo "1407"]
[BlackElo "1412"]

1. e4 e5 2. Nf3 Nc6 3. d4 exd4 4. Nxd4 Bc5 5. Nb3 Bb6 6. Nc3 Nf6 7. Bf4 d6 8. Qd2
Ng4 9. Bg3 Be6 10. h3 Nge5 11. Nd5 Ne7 12. Nxb6 axb6 13. f4 N5c6 14. Qc3 O-O 15.
O-O-O Rxa2 16. Bc4 Bxc4 17. Qxc4 Na5 18. Nxa5 Rxa5 19. Kd2 d5 20. Qd3 dxe4 21.
Qxd8 Rxd8+ 22. Ke3 Rad5 23. Rxd5 Rxd5 24. Ra1 f5 25. Ra7 Kf7 26. Rxb7 Rd7 27.
Ke2 Ke6 28. c4 Nc6 29. Be1 Nd4+ 30. Kf2 Nb3 31. Bc3 Nc5 32. Ra7 g6 33. Ke3 c6
34. Ra8 Rd3+ 35. Ke2 Rd7 36. Rc8 Nd3 37. g3 Kd6 38. Bd4 c5 39. Bc3 Rc7 40. Rb8
Kc6 41. Ke3 1/2-1/2

[Event "Ogolnopolska Olimpiada Mlodziezy D-14"]
[Site "Spala"]
[Date "1899-12-30"]
[Round "6.18"]
[White "Spadlo, Katarzyna"]
[Black "Kindler, Karolina"]
[Result "1-0"]
[WhiteTitle "II"]
[BlackTitle "I"]
[WhiteElo "1318"]
[BlackElo "1438"]

1. e4 c5 2. Nc3 Nc6 3. g3 g6 4. Bg2 Bg7 5. d3 d6 6. Be3 e6 7. Qd2 Qb6 8. Rb1 Ne5
9. h3 Qa6 10. a3 b5 11. f4 Nd7 12. Nf3 Bb7 13. O-O Ne7 14. Nd1 O-O 15. Nf2 d5
16. c3 Rfe8 17. g4 Qd6 18. e5 Qc7 19. d4 cxd4 20. Bxd4 Nc6 21. Nd3 Nxd4 22. Nxd4
a6 23. g5 Nb6 24. Qf2 Qc4 25. Rfd1 Rac8 26. Bf1 Qc7 27. Nb4 Bf8 28. Kg2 Qc5 29.
Nbc2 Red8 30. Be2 Nc4 31. h4 Qb6 32. Rd3 Na5 33. Rh3 Nc4 34. Bf3 a5 35. h5 b4
36. axb4 axb4 37. Qh4 Rd7 38. Qe1 bxc3 39. bxc3 Qc5 40. Rb5 Qc7 41. hxg6 hxg6
42. Qh4 Bg7 43. Kg3 Ba6 44. Rb1 Nd2 45. Rbh1 Qxc3 46. Qh8+ Bxh8 47. Rxh8+ Kg7
48. R1h7# Kxh7 49. Rxh7 1-0

[Event "Ogolnopolska Olimpiada Mlodziezy D-14"]
[Site "Spala"]
[Date "1899-12-30"]
[Round "6.19"]
[White "Szelag, Zuzanna"]
[Black "Samujlo, Agnieszka"]
[Result "1-0"]
[WhiteTitle "I"]
[BlackTitle "II"]
[WhiteElo "1534"]
[BlackElo "1216"]

1. e4 e5 2. Nf3 Nc6 3. Bb5 Nf6 4. O-O d6 5. d3 Bd7 6. c3 a6 7. Ba4 Be7 8. Re1 O-O
9. Nbd2 Re8 10. Nf1 h6 11. Ng3 Nh7 12. d4 exd4 13. cxd4 Ng5 14. Nxg5 Bxg5 15.
Bb3 Bxc1 16. Rxc1 Rc8 17. Qf3 Qe7 18. Rcd1 Rf8 19. Nf5 Qf6 20. Qg4 Bxf5 21. exf5
Ne7 22. Bc2 Rfe8 23. Qf3 Nc6 24. Rxe8+ Rxe8 25. Ba4 Qxd4 26. Bxc6 bxc6 27. Rc1
Qe4 28. Qxe4 Rxe4 29. f3 Re5 30. Rxc6 Rc5 31. Rxc5 dxc5 32. Kf2 Kf8 33. Ke3 Ke7
34. Ke4 Kd6 35. f4 h5 36. g3 c6 37. h3 f6 38. g4 hxg4 39. hxg4 a5 40. a3 Kd7 41.
Kd3 Kc7 42. Kc4 Kb6 43. a4 Kb7 44. Kxc5 Kc7 45. g5 Kb7 46. gxf6 gxf6 47. Kd6 Kb6
48. b3 c5 49. Ke6 c4 50. bxc4 Kc5 51. Kxf6 Kxc4 52. Ke5 Kb4 53. f6 Kxa4 54. f7
Kb3 55. f8=Q a4 56. Qb8+ Ka2 57. Kd4 a3 58. Kc3 Ka1 59. Kc2 a2 60. Qe5# 1-0

[Event "Ogolnopolska Olimpiada Mlodziezy D-14"]
[Site "Spala"]
[Date "1899-12-30"]
[Round "6.20"]
[White "Bochniarz, Katarzyna"]
[Black "Borsuk, Aleksandra"]
[Result "1-0"]
[WhiteTitle "II"]
[BlackTitle "II"]
[WhiteElo "1192"]
[BlackElo "1228"]

1. c4 e5 2. Nc3 Nf6 3. g3 Nc6 4. Bg2 d6 5. b3 Be6 6. Bb2 Qd7 7. e3 Be7 8. Nge2
Bh3 9. O-O Bxg2 10. Kxg2 h5 11. h4 O-O-O 12. d4 Ng4 13. dxe5 Ngxe5 14. Nd5 g5
15. Nxe7+ Qxe7 16. Rh1 Rdg8 17. hxg5 Rh7 18. Qc2 Ng6 19. Bf6 Qe6 20. a3 h4 21.
Rh3 Nce5 22. Nd4 Qd7 23. Qf5 Qxf5 24. Nxf5 Ng4 25. Bc3 N6e5 26. Nxh4 1-0

[Event "Ogolnopolska Olimpiada Mlodziezy D-14"]
[Site "Spala"]
[Date "1899-12-30"]
[Round "6.22"]
[White "Surpeta, Julia"]
[Black "Tkaczyk, Weronika"]
[Result "0-1"]
[WhiteTitle "II"]
[BlackTitle "II"]
[WhiteElo "1130"]
[BlackElo "1372"]

1. e4 e5 2. d4 exd4 3. c3 dxc3 4. Bc4 Nf6 5. Nf3 cxb2 6. Bxb2 Bb4+ 7. Nbd2 Nc6
8. O-O O-O 9. Qb3 d6 10. Bd5 Bxd2 11. Nxd2 Nxd5 12. exd5 Ne5 13. Rac1 Rb8 14.
Ba1 Bf5 15. Qb4 Nd3 16. Qd4 f6 17. Rcd1 Ne5 18. Qxa7 Qe8 19. Bxe5 fxe5 20. f4
Bd3 21. Rf2 exf4 22. Qd4 Qe3 23. Qb2 Rf5 24. Nf1 Bxf1 25. Kxf1 f3 26. g3 Re8 27.
Kg1 b6 28. Qc2 Rf7 0-1

[Event "Ogolnopolska Olimpiada Mlodziezy D-14"]
[Site "Spala"]
[Date "1899-12-30"]
[Round "7.1"]
[White "Parol, Pola"]
[Black "Kaczmarska, Joanna"]
[Result "1-0"]
[WhiteTitle "I"]
[BlackTitle "I++"]
[WhiteElo "1734"]
[BlackElo "1724"]

1. f4 d5 2. Nf3 Nf6 3. g3 c5 4. Bg2 g6 5. O-O Bg7 6. d3 O-O 7. c3 Nc6 8. Qe1 d4
9. Na3 Nd5 10. Bd2 Rb8 11. e4 dxe3 12. Bxe3 Nxe3 13. Qxe3 b6 14. Rfe1 Ba6 15.
Rad1 Qd7 16. Ng5 e6 17. Ne4 Ne7 18. g4 Nd5 19. Qg3 Qa4 20. Rc1 Nf6 21. g5 Nh5
22. Qe3 Rbd8 23. Rcd1 f5 24. gxf6 Bxf6 25. Kh1 Bh4 26. Rf1 Nxf4 27. c4 Nxg2 28.
Kxg2 Rxf1 29. Rxf1 Bb7 30. Kg1 Qe8 31. Nb5 Bxe4 32. Qxe4 Qe7 33. Nxa7 Rd4 34.
Qf3 Rd7 35. Nc6 Qe8 36. Ne5 Rg7 37. Qe4 Bg5 38. Nf3 Bf6 39. b3 Ra7 40. a4 Re7
41. Ne5 Bg7 42. Ng4 Kh8 43. Kh1 Kg8 44. Nf6+ Bxf6 45. Rxf6 Qd7 46. Qf3 Qe8 47.
Qe4 Qd7 48. Qf3 Re8 49. Kg2 Qe7 50. Rf4 Qg5+ 51. Qg3 Qxg3+ 52. Kxg3 Rd8 53. Rf3
e5 54. Kg4 Rd4+ 55. Kg3 Kg7 56. Re3 Kf6 57. Kf3 Ke6 58. Ke2 Rh4 59. h3 Rf4 60.
Kd2 Rf1 61. Kc3 Kd6 62. Rg3 Rc1+ 63. Kd2 Rf1 64. Kc3 Ke6 65. Re3 Rb1 66. Rf3 Rc1+
67. Kd2 Rh1 68. Kc3 g5 69. b4 Ra1 70. bxc5 bxc5 71. Kb3 Rb1+ 72. Ka2 Rb8 73. Ka3
h5 74. Rg3 Kf5 75. Rf3+ Kg6 76. Re3 g4 77. hxg4 hxg4 78. Rxe5 Kf6 79. Rxc5 g3
80. Rc6+ Kf5 81. Rc7 Kf6 82. Rc6+ Kg7 83. Rc5 Kh6 84. Re5 Rb1 85. Re2 Kg5 86.
c5 Rd1 87. Kb4 Kf4 88. c6 Rc1 89. Kb5 Kf3 90. Rb2 g2 91. Rxg2 Kxg2 92. Kb6 Rb1+
93. Ka6 Rc1 94. Kb7 Rb1+ 95. Kc8 Ra1 96. c7 Rxa4 97. Kb7 Rb4+ 98. Ka8 Ra4+ 99.
Kb8 Rb4+ 100. Ka7 Ra4+ 101. Kb7 Rb4+ 102. Kc6 Rb3 103. d4 Kf3 104. d5 Rc3+ 105.
Kb7 Ke4 106. d6 Kd5 107. d7 Rb3+ 108. Kc8 Kc6 109. d8=Q Rg3 110. Qf6+ Kd5 1-0

[Event "Ogolnopolska Olimpiada Mlodziezy D-14"]
[Site "Spala"]
[Date "1899-12-30"]
[Round "7.2"]
[White "Antolak, Julia"]
[Black "Cieslak, Wiktoria"]
[Result "1-0"]
[WhiteTitle "I++"]
[BlackTitle "I"]
[WhiteElo "1809"]
[BlackElo "1615"]

1. e4 c5 2. Nf3 d6 3. d4 cxd4 4. Qxd4 a6 5. Be3 Nf6 6. Nc3 Ng4 7. O-O-O Nxe3 8.
Qxe3 e6 9. Nd2 b5 10. Nb3 Be7 11. f4 Nc6 12. Kb1 Qc7 13. f5 O-O 14. g4 Ne5 15.
g5 exf5 16. Nd5 Qd8 17. Rg1 Ng4 18. Qg3 Bxg5 19. exf5 Bxf5 20. h3 h5 21. hxg4
Bxg4 22. Rd4 f5 23. Bh3 f4 24. Qh2 Bxh3 25. Qxh3 f3 26. Qxh5 f2 27. Rf1 Rf5 28.
Rdd1 Qf8 29. Rh1 Bh6 30. Ne7+ Qxe7 31. Qxf5 Rf8 32. Qd5+ Kh8 33. Rhf1 g5 34. Qxd6
Qxd6 35. Rxd6 Kg7 36. Rd2 g4 37. Rdxf2 Rxf2 38. Rxf2 g3 39. Rg2 Bf4 40. Nd4 Kf6
41. Ne2 Ke5 42. Nxg3 Bxg3 43. Rxg3 Kd5 44. Rg6 a5 45. Rg5+ Kc6 46. c4 bxc4 47.
Rxa5 Kb6 48. Rg5 Kc6 49. Kc2 Kb6 50. Kc3 Ka6 51. Kxc4 Kb6 52. b4 Ka7 53. Kb5 Kb7
54. Rg7+ Kc8 55. Kc6 Kb8 56. b5 Ka8 57. b6 Kb8 58. Rg8# 1-0